Developments in strategic materials and computational design IV : a collection of papers presented at the 37th International Conference on Advanced Ceramics and Composites, January 27-Februrary 1, 2013, Daytona Beach, Florida /

Ceramic Engineering and Science Proceedings Volume 34, Issue 10 - Developments in Strategic Materials andComputational Design IV A collection of 25 papers from The American Ceramic Society's 37th International Conference on Advanced Ceramics and Composites, held in Daytona Beach, Florida, Janua...

Full description

Bibliographic Details
Corporate Author: International Conference on Advanced Ceramics and Composites Daytona Beach, Fla.
Other Authors: Kriven, Waltraud M.
Format: Conference Proceeding eBook
Language:English
Published: Hoboken : Wiley, 2013.
Series:Ceramic engineering and science proceedings.
Subjects:
Online Access:Full Text via HEAL-Link
LEADER 03276nam a2200625 4500
001 ocn863824714
003 OCoLC
005 20170124071956.5
006 m o d
007 cr cnu---unuuu
008 131123s2013 nju o 101 0 eng d
040 |a EBLCP  |b eng  |e pn  |c EBLCP  |d OCLCO  |d IDEBK  |d DG1  |d N$T  |d OCLCO  |d OCLCF  |d OCLCQ  |d OCLCO  |d DEBSZ  |d OCLCO  |d OCL  |d OCLCO  |d DEBBG  |d OCLCQ  |d OCLCO  |d GrThAP 
020 |a 9781118807743  |q (electronic bk.) 
020 |a 111880774X  |q (electronic bk.) 
020 |a 9781118807866  |q (electronic bk.) 
020 |a 1118807863  |q (electronic bk.) 
029 1 |a CHBIS  |b 010441876 
029 1 |a CHVBK  |b 334094836 
029 1 |a DEBBG  |b BV043396365 
029 1 |a DEBSZ  |b 431566771 
029 1 |a DEBSZ  |b 449398978 
029 1 |a GBVCP  |b 790210975 
035 |a (OCoLC)863824714 
050 4 |a TP786 
072 7 |a TEC  |x 009010  |2 bisacsh 
082 0 4 |a 666 
049 |a MAIN 
111 2 |a International Conference on Advanced Ceramics and Composites  |n (37th :  |d 2013 :  |c Daytona Beach, Fla.) 
245 1 0 |a Developments in strategic materials and computational design IV :  |b a collection of papers presented at the 37th International Conference on Advanced Ceramics and Composites, January 27-Februrary 1, 2013, Daytona Beach, Florida /  |c edited by Waltraud M. Kriven [and others]. 
264 1 |a Hoboken :  |b Wiley,  |c 2013. 
300 |a 1 online resource (338 pages). 
336 |a text  |b txt  |2 rdacontent 
337 |a computer  |b c  |2 rdamedia 
338 |a online resource  |b cr  |2 rdacarrier 
490 1 |a Ceramic Engineering and Science Proceedings ;  |v v. 34, issue 10 
588 0 |a Print version record. 
520 |a Ceramic Engineering and Science Proceedings Volume 34, Issue 10 - Developments in Strategic Materials andComputational Design IV A collection of 25 papers from The American Ceramic Society's 37th International Conference on Advanced Ceramics and Composites, held in Daytona Beach, Florida, January 27-February 1, 2013. This issue includes papers presented in the Geopolymers and Chemically Bonded Ceramics (Focused Session 1); Thermal Management Materials andTechnologies (Focused Sessoin 2); and Materials for Extreme Environments: Ultrahigh Temperature Ceramic. 
500 |a Includes index. 
650 0 |a Ceramic materials  |v Congresses. 
650 0 |a Temperature control  |v Congresses. 
650 0 |a Detectors  |v Congresses. 
650 4 |a Ceramic materials  |v Congresses. 
650 4 |a Detectors  |v Congresses. 
650 4 |a Temperature control  |v Congresses. 
650 7 |a TECHNOLOGY & ENGINEERING  |x Chemical & Biochemical.  |2 bisacsh 
650 7 |a Ceramic materials.  |2 fast  |0 (OCoLC)fst00850974 
650 7 |a Detectors.  |2 fast  |0 (OCoLC)fst00891594 
650 7 |a Temperature control.  |2 fast  |0 (OCoLC)fst01147347 
655 4 |a Electronic books. 
655 7 |a Conference papers and proceedings.  |2 fast  |0 (OCoLC)fst01423772 
700 1 |a Kriven, Waltraud M. 
776 0 8 |i Print version:  |a Kriven, Waltraud M.  |t Developments in Strategic Materials and Computational Design IV : Ceramic Engineering and Science Proceedings, Volume 34 Issue 10.  |d Hoboken : Wiley, ©2013  |z 9781118807279 
830 0 |a Ceramic engineering and science proceedings. 
856 4 0 |u https://doi.org/10.1002/9781118807743  |z Full Text via HEAL-Link 
994 |a 92  |b DG1